[Event "45th Olympiad Budapest 2024"]
[Site "Budapest"]
[Date "2024.09.13"]
[Round "3"]
[Board "2"]
[White "Agajanova, Meryem"]
[Black "Thomas, Nelissa"]
[Result "1-0"]
[WhiteElo "2007"]
[BlackElo "1631"]
[PlyCount "69"]
[EventDate "2024.09.11"]
[EventType "team-tourn"]
[EventRounds "11"]
[EventCountry "HUN"]
[WhiteTeam "Turkmenistan"]
[BlackTeam "Bahamas"]
[WhiteTeamCountry "TKM"]
[BlackTeamCountry "BAH"]

1. d4 {[%emt 0:00:05]} d5 {[%emt 0:00:11]} 2. c4 {[%emt 0:00:08]} c6 {[%emt 0:00:14]} 3. Nc3 {[%emt 0:00:18]} Nf6 {[%emt 0:00:26]} 4. Nf3 {[%emt 0:00:09]} a6 {[%emt 0:00:51]} 5. e3 {[%emt 0:00:57]} b5 {[%emt 0:00:32]} 6. b3 {[%emt 0:03:02]} Bf5 {[%emt 0:02:21]} 7. Bd3 {[%emt 0:01:08]} Bxd3 {[%emt 0:00:13]} 8. Qxd3 {[%emt 0:00:05]} e6 {[%emt 0:00:41]} 9. O-O {[%emt 0:00:45]} Nbd7 {[%emt 0:00:32]} ({RR} 9... Be7 10. e4 dxe4 11. Nxe4 Nbd7 12. Bf4 O-O 13. Rfd1 Qa5 14. Nxf6+ Bxf6 15. Bd6 Rfd8 16. c5 Nf8 17. Ne5 Bxe5 18. dxe5 Ng6 19. Qe4 Rac8 20. h4 Rd7 21. h5 Ne7 22. h6 gxh6 23. Bxe7 Rxe7 24. Rd3 {1-0 Bacrot,E (2730)-Ivanchuk,V (2733) Cap d'Agde Karpov KO 2nd rapid 2013 (1.1)}) 10. Rd1 {[%emt 0:13:25]} ({RR} 10. a3 Be7 {½-½ Jirousek,J (2141)-Dolezal,R (2365) TCh-CZE 1 Liga Zapad 2022 (10.1)}) 10... Bd6 $146 {[%emt 0:10:25]} ({RR} 10... Be7 11. Bb2 O-O 12. Rac1 Qb6 13. Qe2 Rfd8 14. Rc2 Rac8 15. a3 Qb7 16. c5 Bf8 17. b4 g6 18. Ne5 Bg7 19. f4 Ne4 20. g4 Nxc3 21. Bxc3 f6 22. Nf3 Qc7 23. g5 {½-½ Lapiccirella,M (2187)-Frilli,G (2071) Bratto op 23rd 2003 (8)}) ({RR} 10... Bb4 11. a3 Bxc3 12. Qxc3 Ne4 13. Qe1 O-O 14. cxd5 cxd5 15. Bd2 a5 16. Rdc1 a4 17. Rab1 Nxd2 {½-½ Atalik,S (2554)-Burmakin,V (2551) Graz op-A 2004 (8)}) ({RR} 10... Be7 11. Bb2 O-O 12. Nd2 Qe8 13. Rab1 Bd6 14. g3 e5 15. cxd5 cxd5 16. dxe5 Nxe5 17. Qf5 b4 18. Ne2 Qc8 19. Qxc8 Raxc8 20. Kg2 Rc5 21. Nf3 Ned7 22. Nfd4 Be5 23. Rbc1 Ra5 24. Rc2 Rc5 25. Rxc5 {½-½ Porat,I (2379)-Kozlov,G (2258) Pardubice Chladek&Tintera op-A 19th 2008 (6)}) 11. e4 {[%emt 0:01:54]} dxe4 {[%emt 0:01:32]} 12. Nxe4 {[%emt 0:00:14]} Be7 {[%emt 0:06:24]} 13. Bf4 {[%emt 0:01:48]} O-O {[%emt 0:01:40]} 14. Rac1 {[%emt 0:03:20]} Qb6 {[%emt 0:11:15]} 15. Rc2 {[%emt 0:06:48]} Rfd8 {[%emt 0:05:06]} 16. cxb5 {[%emt 0:07:19]} axb5 {[%emt 0:09:43]} 17. Rdc1 {[%emt 0:02:56]} Rac8 {[%emt 0:04:32]} 18. Bd6 {[%emt 0:02:31]} Nd5 {[%emt 0:07:51]} 19. Bxe7 {[%emt 0:01:55]} Nxe7 {[%emt 0:00:38]} 20. Nd6 {[%emt 0:02:00]} Rb8 {[%emt 0:08:34]} 21. Ng5 {[%emt 0:05:18]} f5 {[%emt 0:05:13]} 22. Nxe6 {[%emt 0:01:16]} Ne5 {[%emt 0:10:56]} 23. dxe5 {[%emt 0:01:07]} Rd7 {[%emt 0:01:47]} 24. Nxg7 {[%emt 0:02:56]} Nd5 {[%emt 0:04:15]} 25. Rxc6 {[%emt 0:01:34]} Nb4 {[%emt 0:03:20]} 26. Rxb6 {[%emt 0:00:13]} Nxd3 {[%emt 0:00:13]} 27. Rxb8+ {[%emt 0:00:05]} Kxg7 {[%emt 0:00:24]} 28. Rd1 {[%emt 0:00:50]} Nxe5 {[%emt 0:01:59]} 29. Nxf5+ {[%emt 0:00:05]} Kg6 {[%emt 0:00:54]} 30. Rxd7 {[%emt 0:00:08]} Nxd7 {[%emt 0:00:55]} 31. Rxb5 {[%emt 0:00:04]} Kf6 {[%emt 0:00:42]} 32. a4 {[%emt 0:00:11]} Ne5 {[%emt 0:00:49]} 33. a5 {[%emt 0:00:09]} Nd7 {[%emt 0:00:32]} 34. a6 {[%emt 0:00:03]} Ke6 {[%emt 0:00:33]} 35. a7 {[%emt 0:00:02]} 1-0

[Event "45th Olympiad Budapest 2024"]
[Site "Budapest"]
[Date "2024.09.13"]
[Round "3"]
[Board "4"]
[White "Arazmedova, Enesh"]
[Black "Pride, Chika"]
[Result "1-0"]
[WhiteElo "1761"]
[BlackElo "1578"]
[PlyCount "121"]
[EventDate "2024.09.11"]
[EventType "team-tourn"]
[EventRounds "11"]
[EventCountry "HUN"]
[WhiteTeam "Turkmenistan"]
[BlackTeam "Bahamas"]
[WhiteTeamCountry "TKM"]
[BlackTeamCountry "BAH"]

1. e4 {[%emt 0:00:02]} d6 {[%emt 0:00:11]} 2. d4 {[%emt 0:00:18]} Nf6 {[%emt 0:00:11]} 3. Nc3 {[%emt 0:00:10]} e5 {[%emt 0:00:20]} 4. dxe5 {[%emt 0:00:23]} dxe5 {[%emt 0:00:06]} 5. Qxd8+ {[%emt 0:00:27]} Kxd8 {[%emt 0:00:09]} 6. Bg5 {[%emt 0:00:20]} Be7 {[%emt 0:00:52]} 7. O-O-O+ {[%emt 0:00:19]} Ke8 {[%emt 0:00:20]} ({RR} 7... Nbd7 8. Bh4 Ne8 9. Bg3 Bd6 10. Nd5 c6 11. Ne3 f6 12. Nf5 Bc7 13. Ne2 g6 14. Ne3 Ke7 15. Nc3 Nb6 16. Bd3 Be6 17. h4 Ng7 18. Bh2 Nh5 19. g3 Bd6 20. Rde1 {½-½ Miladinovic,I (2571)-Damljanovic,B (2579) MNT-chT Herceg Novi 2008 (1)}) ({RR} 7... Nbd7 8. f4 Ng4 9. Bxe7+ Kxe7 10. Nh3 exf4 11. Nd5+ Kd8 12. Ndxf4 c6 13. Be2 Nge5 14. Rhf1 Ke7 15. Nd3 a5 16. Nhf4 a4 17. a3 Nc4 18. Rf3 Nde5 19. Rg3 g6 20. Nb4 Be6 21. Rc3 Nd6 22. Bf3 {1-0 Kopczynski,M (2225)-Leto,E (2124) Titled Tue 30th Jan Early 2024 (10)}) 8. Nf3 {[%emt 0:04:10]} Nbd7 {[%emt 0:02:05]} 9. Bh4 {[%emt 0:05:58]} a6 {[%emt 0:08:43]} 10. a4 $146 {[%emt 0:06:48]} ({RR} 10. Be2 Bd6 {½-½ Damjanovic,M (2314)-Grdinic,Z (2274) CRO-chT3A Center 2010 (2.31)}) ({RR} 10. Bc4 Bd6 11. Rhe1 h6 12. Nd5 Nxd5 13. exd5 f6 14. Nd4 Nb6 15. Bb3 Kf7 16. Ne6 g5 17. Bg3 Bxe6 18. dxe6+ Ke7 19. f3 Bc5 20. Re4 Rad8 21. Rxd8 Rxd8 22. Be1 Nd5 23. Bd2 Kxe6 24. g4 c6 {0-1 Sluka,R (2345)-Pribyl,J (2445) Lazne Bohdanec-B 1997}) ({RR} 10. Bc4 Bd6 11. Ng5 Rf8 12. f4 exf4 13. e5 Nxe5 14. Rhe1 Bf5 15. Nf3 Nfg4 16. Nd5 Be6 17. Bb3 Nxf3 18. gxf3 Ne3 19. Nxe3 fxe3 20. Bg3 Bxg3 21. hxg3 Rd8 22. Rxe3 Rxd1+ 23. Kxd1 Ke7 24. f4 Kf6 {0-1 Zakharov,A (2427)-Pribyl,J (2367) EU-chT Seniors 10th 2008 (5.3)}) 10... Bd6 {[%emt 0:09:10]} 11. Nd2 {[%emt 0:03:08]} b6 {[%emt 0:11:57]} 12. f3 {[%emt 0:08:48]} Bb7 {[%emt 0:10:20]} 13. Bc4 {[%emt 0:05:29]} c6 {[%emt 0:03:01]} 14. Bb3 {[%emt 0:02:56]} b5 {[%emt 0:03:31]} 15. Rhe1 {[%emt 0:02:39]} Nc5 {[%emt 0:03:26]} 16. Kb1 {[%emt 0:02:37]} Bc8 {[%emt 0:04:09]} 17. Ba2 {[%emt 0:04:41]} Nxa4 {[%emt 0:08:35]} 18. Nxa4 {[%emt 0:00:22]} bxa4 {[%emt 0:00:07]} 19. Nc4 {[%emt 0:00:15]} Bc7 {[%emt 0:00:36]} 20. Nd6+ {[%emt 0:01:00]} Ke7 {[%emt 0:04:53]} 21. Nxf7 {[%emt 0:00:59]} Rf8 {[%emt 0:00:23]} 22. Ng5 {[%emt 0:01:07]} h6 {[%emt 0:01:17]} 23. Nh7 {[%emt 0:02:46]} Rh8 {[%emt 0:00:50]} 24. Nxf6 {[%emt 0:00:17]} gxf6 {[%emt 0:00:05]} 25. Bf2 {[%emt 0:00:23]} Bd6 {[%emt 0:00:52]} 26. Rd3 {[%emt 0:01:06]} Be6 {[%emt 0:03:54]} 27. Red1 {[%emt 0:00:37]} Bxa2+ {[%emt 0:01:34]} 28. Kxa2 {[%emt 0:00:09]} Rhd8 {[%emt 0:00:27]} 29. Rxd6 {[%emt 0:00:20]} Rxd6 {[%emt 0:00:16]} 30. Bc5 {[%emt 0:00:02]} Rad8 {[%emt 0:00:14]} 31. Ka3 {[%emt 0:00:25]} Ke6 {[%emt 0:00:50]} 32. Rxd6+ {[%emt 0:00:09]} Rxd6 {[%emt 0:00:06]} 33. Bxd6 {[%emt 0:00:07]} Kxd6 {[%emt 0:00:05]} 34. Kxa4 {[%emt 0:00:09]} Kc7 {[%emt 0:00:32]} 35. Kb4 {[%emt 0:00:27]} Kb6 {[%emt 0:01:24]} 36. g3 {[%emt 0:01:31]} c5+ {[%emt 0:05:57]} 37. Kc4 {[%emt 0:00:14]} Kc6 {[%emt 0:00:10]} 38. f4 {[%emt 0:00:12]} exf4 {[%emt 0:06:59]} 39. gxf4 {[%emt 0:00:14]} a5 {[%emt 0:02:39]} 40. e5 {[%emt 0:00:25]} f5 {[%emt 0:01:32]} 41. e6 {[%emt 0:00:43]} Kd6 {[%emt 0:00:17]} 42. e7 {[%emt 0:00:09]} Kxe7 {[%emt 0:00:03]} 43. Kxc5 {[%emt 0:00:08]} Ke6 {[%emt 0:00:33]} 44. Kc6 {[%emt 0:00:40]} a4 {[%emt 0:00:49]} 45. c4 {[%emt 0:00:07]} h5 {[%emt 0:00:25]} 46. c5 {[%emt 0:00:05]} Ke7 {[%emt 0:00:24]} 47. Kb7 {[%emt 0:00:10]} Kd7 {[%emt 0:00:20]} 48. c6+ {[%emt 0:00:07]} Kd6 {[%emt 0:00:11]} 49. c7 {[%emt 0:00:06]} Kd5 {[%emt 0:00:12]} 50. c8=Q {[%emt 0:00:08]} Ke4 {[%emt 0:00:11]} 51. Qc4+ {[%emt 0:00:13]} Kf3 {[%emt 0:00:12]} 52. Kc6 {[%emt 0:00:16]} Kg2 {[%emt 0:00:14]} 53. Qe2+ {[%emt 0:00:22]} Kg1 {[%emt 0:00:33]} 54. Kd5 {[%emt 0:00:13]} h4 {[%emt 0:00:27]} 55. Kd4 {[%emt 0:00:06]} h3 {[%emt 0:00:16]} 56. Ke3 {[%emt 0:00:05]} a3 {[%emt 0:00:10]} 57. Kf3 {[%emt 0:00:43]} a2 {[%emt 0:00:48]} 58. Qe1+ {[%emt 0:00:09]} Kxh2 {[%emt 0:00:09]} 59. Qg3+ {[%emt 0:00:11]} Kh1 {[%emt 0:00:11]} 60. Qxh3+ {[%emt 0:00:09]} Kg1 {[%emt 0:00:04]} 61. Qg2# {[%emt 0:00:05]} 1-0

[Event "45th Olympiad Budapest 2024"]
[Site "Budapest"]
[Date "2024.09.13"]
[Round "3"]
[Board "3"]
[White "Chang, Yolanda"]
[Black "Terubea, Cydel"]
[Result "1-0"]
[WhiteElo "1908"]
[BlackElo "1681"]
[PlyCount "59"]
[EventDate "2024.09.11"]
[EventType "team-tourn"]
[EventRounds "11"]
[EventCountry "HUN"]
[WhiteTeam "New Zealand"]
[BlackTeam "Fiji"]
[WhiteTeamCountry "NZL"]
[BlackTeamCountry "FIJ"]

1. e4 {[%emt 0:00:03]} d5 {[%emt 0:00:10]} 2. exd5 {[%emt 0:00:08]} Qxd5 {[%emt 0:00:08]} 3. Nc3 {[%emt 0:00:18]} Qd8 {[%emt 0:00:07]} 4. d4 {[%emt 0:00:08]} e6 {[%emt 0:00:31]} 5. Nf3 {[%emt 0:00:24]} Nf6 {[%emt 0:00:46]} 6. Bc4 {[%emt 0:08:18]} c6 {[%emt 0:01:16]} 7. a4 {[%emt 0:01:02]} ({RR} 7. O-O Be7 8. Re1 O-O 9. Bb3 h6 10. Ne5 Na6 11. Qd3 Nh7 12. Bf4 Bg5 13. Bg3 Nb4 14. Qc4 Nd5 15. Rad1 h5 16. h3 Nhf6 17. Qd3 Nxc3 18. Qxc3 Nd5 19. Qf3 h4 20. Bh2 Qf6 21. c4 Ne7 {1-0 Georgiev,K (2480)-Lekkas,E Peristeri 1991 (5)}) ({RR} 7. O-O Be7 8. Qe2 O-O 9. Rd1 Nbd7 10. a4 Nb6 11. Ba2 Nbd5 12. Nb1 b6 13. Ne5 Bb7 14. c4 Nb4 15. Bb3 a5 16. Nc3 Qc8 17. Bg5 h6 18. Bh4 Re8 19. Rac1 Nd7 20. Bxe7 Rxe7 21. Ne4 Nxe5 {1-0 Marrujo Pardo,M (2337)-Casas,N (1845) 53rd Mar Del Plata Open 2024 (1.10)}) 7... a5 $146 {[%emt 0:00:21]} ({RR} 7... Nbd7 8. O-O Bd6 9. Bg5 Qc7 10. Qe2 O-O 11. Ne4 Nd5 12. Nxd6 Qxd6 13. Rfe1 N7f6 14. Ne5 c5 15. Rad1 b6 16. Qf3 Rb8 17. dxc5 Qxc5 18. Qb3 h6 19. Bh4 Rb7 20. Rd3 Rc7 21. Bxf6 Nxf6 22. Rc3 {0-1 Prigge,D (1555)-Wienen,J (1691) Muensterland Verbandsklasse-A 0304 2003 (3.8)}) ({RR} 7... Bd6 8. O-O O-O 9. Bg5 h6 10. Bh4 Nbd7 11. Re1 Qc7 12. Ne2 Re8 13. Ng3 e5 14. Qd2 e4 15. Ne5 Bxe5 16. dxe5 Nxe5 17. Bxf6 Nxc4 18. Qc3 gxf6 19. Qxc4 f5 20. f3 Be6 21. Qc3 {½-½ Rasheva,N (1126)-Yordanova,K (1554) Pleven op 3rd 2016 (2)}) ({RR} 7... b6 8. O-O Be7 9. Ne5 Bb7 10. Qe2 O-O 11. Re1 c5 12. Nxf7 Kxf7 13. Qxe6+ Ke8 14. Bb5+ Nbd7 15. d5 Rf7 16. d6 Kf8 17. Bc4 Qe8 18. Bf4 Nd5 19. dxe7+ Nxe7 20. Bd6 Rd8 21. Qxf7+ Qxf7 22. Bxf7 {1-0 Vanishvili,M (1903)-Donia,A (1165) Satka Autumn op (Women) 2021 (9)}) 8. O-O {[%emt 0:00:35]} Be7 {[%emt 0:00:12]} 9. Qe2 {[%emt 0:03:22]} O-O {[%emt 0:00:38]} 10. Be3 {[%emt 0:04:33]} Nbd7 {[%emt 0:03:00]} 11. Rad1 {[%emt 0:01:00]} Qc7 {[%emt 0:02:30]} 12. Rfe1 {[%emt 0:02:23]} Re8 {[%emt 0:00:26]} 13. Bc1 {[%emt 0:01:27]} Bb4 {[%emt 0:09:20]} 14. Rd3 {[%emt 0:09:33]} Nf8 {[%emt 0:03:12]} 15. Ne5 {[%emt 0:03:59]} Bd6 {[%emt 0:06:13]} 16. Rf3 {[%emt 0:09:47]} Bxe5 {[%emt 0:01:29]} 17. dxe5 {[%emt 0:00:14]} N6d7 {[%emt 0:01:35]} 18. Bf4 {[%emt 0:09:50]} Ng6 {[%emt 0:02:06]} 19. Bg3 {[%emt 0:02:00]} Qd8 {[%emt 0:01:29]} 20. Rd1 {[%emt 0:06:46]} Qe7 {[%emt 0:00:23]} 21. h4 {[%emt 0:05:41]} Nxh4 {[%emt 0:14:47]} 22. Bxh4 {[%emt 0:00:11]} Qxh4 {[%emt 0:00:09]} 23. Rh3 {[%emt 0:15:16]} Qg5 {[%emt 0:03:16]} 24. Rh5 {[%emt 0:01:29]} Qe7 {[%emt 0:01:21]} 25. Ne4 {[%emt 0:05:51]} Nf8 {[%emt 0:02:54]} 26. Qg4 {[%emt 0:02:19]} Kh8 {[%emt 0:03:17]} 27. Nd6 {[%emt 0:01:21]} Rd8 {[%emt 0:01:19]} 28. Nxf7+ {[%emt 0:00:38]} Qxf7 {[%emt 0:02:11]} 29. Rxd8 {[%emt 0:00:08]} Qe7 {[%emt 0:00:44]} 30. Qh4 {[%emt 0:01:09]} 1-0

[Event "45th Olympiad Budapest 2024"]
[Site "Budapest"]
[Date "2024.09.13"]
[Round "3"]
[Board "4"]
[White "Prasad, Tanvi"]
[Black "Braganza, Nadia"]
[Result "0-1"]
[WhiteElo "1564"]
[BlackElo "1890"]
[PlyCount "56"]
[EventDate "2024.09.11"]
[EventType "team-tourn"]
[EventRounds "11"]
[EventCountry "HUN"]
[WhiteTeam "Fiji"]
[BlackTeam "New Zealand"]
[WhiteTeamCountry "FIJ"]
[BlackTeamCountry "NZL"]

1. b3 {[%emt 0:00:04]} d5 {[%emt 0:00:12]} 2. Bb2 {[%emt 0:00:07]} e6 {[%emt 0:00:05]} 3. e3 {[%emt 0:00:15]} Nf6 {[%emt 0:00:35]} 4. Nf3 {[%emt 0:00:37]} Be7 {[%emt 0:00:35]} 5. c4 {[%emt 0:00:42]} O-O {[%emt 0:02:41]} 6. Nc3 {[%emt 0:01:28]} c5 {[%emt 0:00:44]} 7. d4 {[%emt 0:04:08]} b6 {[%emt 0:03:05]} ({RR} 7... cxd4 8. Nxd4 dxc4 9. Bxc4 Bd7 10. O-O Nc6 11. Nf3 Rc8 12. Rc1 Qa5 13. Qe2 Rfd8 14. a3 Be8 15. Nb5 a6 16. b4 Qb6 17. Nc3 Qc7 18. Bd3 Qb8 19. Rfd1 Ng4 20. Bb1 Nge5 21. Nd2 Ng6 22. Nde4 {½-½ Vidit,S (2689)-Cheparinov,I (2689) Wch Rapid Doha 2016 (9)}) 8. Be2 {[%emt 0:03:05]} ({RR} 8. cxd5 Nxd5 9. Bd3 Bb7 10. O-O Nd7 11. Rc1 Nxc3 12. Bxc3 Rc8 13. Qe2 cxd4 14. Bxd4 Bc5 15. Bb2 Qe7 16. Ba6 Bxa6 17. Qxa6 Nb8 18. Qa4 Rfd8 19. h4 h6 20. Qg4 Qf8 21. Rfd1 Ba3 22. Rxc8 Rxc8 {0-1 Ju,W (2563)-Shuvalova,P (2487) Julius Baer WSCC 2024 (4.5)}) 8... Bb7 {[%emt 0:02:40]} 9. Qc2 $146 {[%emt 0:02:17]} ({RR} 9. h3 Nbd7 10. Qc2 Rc8 11. Nb5 a6 12. Nc3 Bd6 13. g4 cxd4 14. exd4 dxc4 15. bxc4 Bxf3 16. Bxf3 Rxc4 17. Qd3 Qc7 18. Rc1 Bb4 19. a3 Bxc3+ 20. Rxc3 Rxc3 21. Qxc3 Qxc3+ 22. Bxc3 Nd5 23. Bxd5 exd5 {1-0 Milfort,V (1350)-Sichrovsky,T (1470) CZE-ch Juniors op 2020 (5)}) 9... Nc6 {[%emt 0:04:51]} 10. O-O {[%emt 0:02:56]} cxd4 {[%emt 0:03:41]} 11. cxd5 {[%emt 0:03:52]} Nb4 {[%emt 0:04:19]} 12. Qd2 {[%emt 0:05:35]} dxc3 {[%emt 0:00:20]} 13. Bxc3 {[%emt 0:01:43]} Nbxd5 {[%emt 0:00:21]} 14. Bb2 {[%emt 0:00:35]} Nb4 {[%emt 0:02:55]} 15. Qc3 {[%emt 0:03:09]} Rc8 {[%emt 0:01:10]} 16. Qe5 {[%emt 0:01:56]} Qd5 {[%emt 0:01:18]} 17. Qf4 {[%emt 0:04:32]} Nd3 {[%emt 0:02:17]} 18. Bxd3 {[%emt 0:03:58]} Qxd3 {[%emt 0:00:06]} 19. Rfd1 {[%emt 0:03:25]} Qe4 {[%emt 0:02:21]} 20. Qg3 {[%emt 0:01:34]} Qg6 {[%emt 0:03:00]} 21. Qh3 {[%emt 0:07:03]} Rfd8 {[%emt 0:06:54]} 22. Rac1 {[%emt 0:09:35]} Rxd1+ {[%emt 0:01:00]} 23. Rxd1 {[%emt 0:00:53]} Qc2 {[%emt 0:01:13]} 24. Re1 {[%emt 0:04:11]} Qxb2 {[%emt 0:00:19]} 25. Nd4 {[%emt 0:00:42]} Rc1 {[%emt 0:00:49]} 26. Kf1 {[%emt 0:01:42]} Ba6+ {[%emt 0:00:22]} 27. Ne2 {[%emt 0:00:30]} Bxe2+ {[%emt 0:00:11]} 28. Kg1 {[%emt 0:00:03]} Rxe1# {[%emt 0:00:07]} 0-1

[Event "45th Olympiad Budapest 2024"]
[Site "Budapest"]
[Date "2024.09.13"]
[Round "3"]
[Board "1"]
[White "Seine, Rose Berline"]
[Black "Paulo, Jemima"]
[Result "1-0"]
[WhiteElo "1778"]
[BlackElo "2037"]
[PlyCount "89"]
[EventDate "2024.09.11"]
[EventType "team-tourn"]
[EventRounds "11"]
[EventCountry "HUN"]
[WhiteTeam "Haiti"]
[BlackTeam "Angola"]
[WhiteTeamCountry "HAI"]
[BlackTeamCountry "ANG"]

1. d4 {[%emt 0:00:08]} d5 {[%emt 0:00:11]} 2. c4 {[%emt 0:00:06]} e6 {[%emt 0:00:06]} 3. Nc3 {[%emt 0:00:07]} Nf6 {[%emt 0:00:18]} 4. cxd5 {[%emt 0:00:15]} exd5 {[%emt 0:00:09]} 5. Bg5 {[%emt 0:00:18]} c6 {[%emt 0:00:15]} 6. e3 {[%emt 0:00:22]} h6 {[%emt 0:00:19]} 7. Bh4 {[%emt 0:00:22]} Nbd7 {[%emt 0:00:11]} ({RR} 7... Be6 8. Bd3 Nbd7 9. f3 g5 10. Bf2 Bg7 11. Nge2 h5 12. Ng3 Nb6 13. Nf5 Bf8 14. Qc2 Qd7 15. Bg3 Nc4 16. O-O-O h4 17. Be5 Nxe5 18. dxe5 Nh5 19. g4 Ng7 20. f4 gxf4 21. exf4 O-O-O 22. Nxg7 {1-0 Navara,D (2736)-Moroni,L (2564) EU-ch blitz Skopje 2018 (8)}) 8. Bg3 $146 {[%emt 0:00:37]} ({RR} 8. Qc2 Qa5 9. Bd3 b5 10. Nf3 b4 11. Qa4 Qxa4 12. Nxa4 g5 13. Bg3 Nb6 14. Bc2 Ba6 15. Nc5 Bxc5 16. dxc5 Nbd7 17. Bd6 Kd8 18. h4 g4 19. Nd4 Bb7 20. a3 Ne8 21. Nf5 bxa3 22. Rxa3 Nxd6 {1-0 Sandic,V (2338)-Djuric,Z (2219) SRB-chT2 West Central 2009 (2)}) ({RR} 8. Qc2 Bb4 9. Bd3 Qe7 10. Nge2 g5 11. Bg3 Ne4 12. Bxe4 dxe4 13. a3 Bxc3+ 14. Nxc3 Nf6 15. Be5 Rg8 16. Bxf6 Qxf6 17. Qxe4+ Qe6 18. h4 g4 19. Qxe6+ Bxe6 20. Ne2 Ke7 21. Rc1 Rad8 22. O-O f6 {1-0 Gomez,C (2314)-Ganza Svidler,P (1952) 99th ch-ARG Semi-Final 2024 (1.8)}) ({RR} 8. Bd3 Nb6 9. Nf3 Bg4 10. h3 Bh5 11. g4 Bg6 12. Bxg6 fxg6 13. Qd3 g5 14. Ne5 Ne4 15. Nxe4 gxh4 16. Nc5 Qf6 17. Qg6+ Qxg6 18. Nxg6 Rg8 19. Nxf8 Rxf8 20. Nxb7 Nc4 21. b3 Rb8 22. Nc5 Nd6 {1-0 Janik,P (2000)-Kwiatkowski,G (1600) Nowy Sacz-ch 2000 (6)}) ({RR} 8. Bd3 g6 9. Nf3 Bg7 10. Ne5 O-O 11. f4 g5 12. Bg3 Nxe5 13. fxe5 Ng4 14. Qe2 f5 15. Rf1 c5 16. h3 Nxe3 17. Qxe3 f4 18. Bxf4 gxf4 19. Rxf4 Rxf4 20. Qxf4 cxd4 21. Qxd4 Be6 22. Kf1 Qg5 {½-½ Salo,H (2235)-Meskanen,V Helsinki SKF op 1990}) 8... Bb4 {[%emt 0:01:11]} 9. Bd3 {[%emt 0:00:40]} O-O {[%emt 0:00:32]} 10. h3 {[%emt 0:00:28]} Re8 {[%emt 0:00:15]} 11. Nge2 {[%emt 0:00:22]} a5 {[%emt 0:04:29]} 12. O-O {[%emt 0:01:27]} b5 {[%emt 0:02:06]} 13. Rc1 {[%emt 0:00:23]} Bb7 {[%emt 0:00:13]} 14. Bb1 {[%emt 0:12:04]} Bf8 {[%emt 0:02:29]} 15. Nf4 {[%emt 0:05:31]} Bd6 {[%emt 0:01:57]} 16. Nfxd5 {[%emt 0:00:38]} Bxg3 {[%emt 0:00:08]} 17. Nxf6+ {[%emt 0:00:12]} Qxf6 {[%emt 0:00:18]} 18. fxg3 {[%emt 0:00:50]} Qg5 {[%emt 0:00:07]} 19. e4 {[%emt 0:05:25]} Qxg3 {[%emt 0:01:41]} 20. Rf3 {[%emt 0:02:20]} Qb8 {[%emt 0:05:05]} 21. Qb3 {[%emt 0:02:34]} Re7 {[%emt 0:00:24]} 22. Rcf1 {[%emt 0:01:13]} Qe8 {[%emt 0:01:00]} 23. a3 {[%emt 0:00:36]} a4 {[%emt 0:02:29]} 24. Qc2 {[%emt 0:00:24]} Nf8 {[%emt 0:00:18]} 25. Ba2 {[%emt 0:14:06]} Ne6 {[%emt 0:00:12]} 26. Qf2 {[%emt 0:01:22]} Rd8 {[%emt 0:00:51]} 27. d5 {[%emt 0:00:51]} cxd5 {[%emt 0:00:09]} 28. exd5 {[%emt 0:00:55]} Ng5 {[%emt 0:00:21]} 29. Rf4 {[%emt 0:05:07]} Rd6 {[%emt 0:05:24]} 30. Qc5 {[%emt 0:02:30]} Rg6 {[%emt 0:06:21]} 31. Kh2 {[%emt 0:00:12]} Qd8 {[%emt 0:17:37]} 32. h4 {[%emt 0:10:25]} Ne6 {[%emt 0:32:39]} 33. dxe6 {[%emt 0:17:14]} Rxg2+ {[%emt 0:01:45]} 34. Kh3 f6 {[%emt 0:03:07]} 35. Bd5 {[%emt 0:02:50]} Rd2 {[%emt 0:05:38]} 36. Rd4 {[%emt 0:04:32]} Rxd4 {[%emt 0:04:34]} 37. Qxd4 {[%emt 0:00:08]} Bc8 {[%emt 0:00:20]} 38. Qe3 {[%emt 0:03:31]} Qd6 {[%emt 0:01:28]} 39. Re1 {[%emt 0:00:58]} Kf8 {[%emt 0:00:10]} 40. Qe4 {[%emt 0:00:43]} g5 {[%emt 0:01:58]} 41. hxg5 {[%emt 0:02:47]} hxg5 {[%emt 0:00:11]} 42. Kg2 {[%emt 0:00:28]} Rg7 {[%emt 0:01:45]} 43. Rh1 {[%emt 0:00:28]} Ke7 {[%emt 0:00:16]} 44. Rh7 {[%emt 0:00:46]} Kf8 {[%emt 0:00:25]} 45. e7+ {[%emt 0:01:35]} 1-0